00671nam a22001935i 450000100060000000300090000600500170001500700030003200800410003504000200007610000260009624500750012225000130019726000810021030000200029185200230031199900170033495201260035154457ES-MaACL20230906162946.0t|960723s1843 fr ||||1| fre d aCAM bspa cCAM1 aFoucart, E. V.95191610aEléments de droit public et administratif ... / cpar E. V. Foucart. a3e éd. aParis : bVidecoq Père et fils, c1843 (fimprimé par Béthune et Plon) a3 v. ; c22 cm. aES-MaACLjG-8111-3 c54457d54457 001040708LIBXIXaATENEOMbATENEOMcSPP3d2008-01-17eSCl0oG-8111-3p1057224r2023-02-23 00:00:00w2023-02-23yMONANT